[Event "FIDE World Cup"]
[Site "Khanty-Mansiysk"]
[Date "2011.09.16"]
[Round "7.1"]
[White "Grischuk, Alexander"]
[Black "Svidler, Peter"]
[Result "0-1"]
[WhiteElo "2746"]
[BlackElo "2739"]
[Annotator "Moradiabadi,E"]
[PlyCount "60"]
[EventDate "2011.08.28"]
[EventType "k.o."]
[EventRounds "7"]
[EventCountry "RUS"]
[SourceTitle "CBM 145"]
[Source "ChessBase"]
[SourceDate "2011.11.11"]
[SourceVersion "1"]
[SourceVersionDate "2011.11.11"]
[SourceQuality "1"]

{The first game of the final of the World Cup turns out to be the most
important one!} 1. e4 c5 2. Nf3 e6 3. d4 cxd4 4. Nxd4 a6 {A good sign! Both
players are eagerly playing for a win!} 5. Nc3 b5 {This line is considered
risky according to theory.} 6. Bd3 Qb6 7. Nf3 {One of many options here. By
far, the most popular one.  Marin,M: 'White gives up the attacking plan based
on f4-f5 and aims for piece pressure in the centre instead.'} Nc6 8. O-O Qb8 {
An interesting move, Black puts his queen in a better place before placing his
bishop on b7.} (8... Nge7 {this "pet" move of Kamsky seems a bit dubious.} 9.
Be3 {is equally good} (9. Re1 Ng6 10. a4 b4 $6 (10... Bc5 11. Be3 Bxe3 12. Rxe3
b4 13. Nd5 Qd8 14. a5 $14 {1-0 Adams,M (2731)-Kengis,E (2561)/Leon 2001/CBM
086 (43)}) 11. a5 $1 Qb8 12. Na4 $16 {1-0 Kasimdzhanov,R (2690)-Kamsky,G (2714)
/Moscow 2007/EXT 2008 (39)}) 9... Qb8 (9... Qc7 $2 {loses a pawn} 10. Bxb5 Rb8
11. Bxc6 Nxc6 12. Nd5 $1 $16 (12. b3 {1-0 Sutovsky,E (2665)-Kamsky,G (2705)/
Khanty Mansiysk 2010/CBM 139 (30)})) 10. Re1 Bb7 (10... Ng6 11. a4 b4 12. Nd5
$16) 11. Bc5 Ng6 12. Bxf8 Kxf8 13. Bf1 $14) 9. Re1 Bd6 (9... Nge7 {(Marin,M)
is an important alternative.}) 10. e5 $5 $146 {An interesting novelty by
Grischuk. He takes drastic measures in order to hinder Black's development.}
Bc7 {Marin,M: 'Grischuk had dealt with this kind of battery (Qb8 + Bc7) in one
of his semi-final games against Ivanchuk.'} ({With both wings underdeveloped,
it looks at least risky to accept the offered pawn:} 10... Nxe5 {Marin,M} 11.
Be4 Ra7 12. Be3 $36) 11. Bf4 Nge7 12. Qe2 Ng6 13. Bg3 Bb7 14. Rad1 {Marin,M:
'White has consolidated his space advantage and has a harmonious development.
However, it is not easy to break Black's flexible position.'} Nce7 (14... O-O
$2 {loses a pawn} 15. Bxg6 hxg6 16. Rxd7) 15. Be4 (15. h4 $5 Bxf3 16. gxf3 f5
$1 17. h5 Nf8 18. a4 b4 19. Na2 {An unclear position has arisen, in which
White's chances are preferable.}) 15... Bxe4 16. Nxe4 O-O {Svidler sacrifices
a pawn in order to find a shelter for his king. Marin,M: 'Black cannot delay
his castling for too long. By giving up the d7-pawn, he invites the rook to
step deep into his territory and let itself be trapped.'} 17. Rxd7 {Marin,M:
'This should be correct, but at some point White will have to sacrifice at
least an exchange. Grischuk was approaching severe time trouble already and
lost the thread soon.'} Nd5 {Now the rook is trapped on the seventh rank.} 18.
Nd6 $2 {Grischuk is too optimist!} (18. Qd2 Qc8 (18... Qb6 19. h4 Qc6 20. Rxc7
Nxc7 21. h5 Ne7 22. h6 {with a crushing attack!}) 19. Rxd5 exd5 20. Nd6 Bxd6
21. exd6 Qf5 22. Re3 Rfe8 23. Rd3 Qf6 24. c3 Qe6 25. Rxd5 Nf8 26. h3 {and
White would enjoy a slight but stable advantage.}) 18... Nb6 19. Rxf7 Rxf7 20.
Nxf7 Kxf7 21. Ng5+ Kg8 22. Nxe6 {White has 3 pawns for the piece, however,
Black has enough time to regroup. I believe that Grischuk's plan was dubious.}
Qc8 23. Qg4 Ra7 24. Rd1 Na4 $1 {Black is slightly better now.} 25. h3 Nxb2 26.
Rd5 Bb6 {Svidler has consolidated his advantage. It is all over now.} 27. Rd6
Nc4 28. Qf5 Rf7 29. Qe4 Nxd6 30. exd6 Nf8 {The first and very last decisive
game of the final!} 0-1

[Event "FIDE World Cup"]
[Site "Khanty-Mansiysk"]
[Date "2011.09.17"]
[Round "7.2"]
[White "Svidler, Peter"]
[Black "Grischuk, Alexander"]
[Result "1/2-1/2"]
[WhiteElo "2739"]
[BlackElo "2746"]
[PlyCount "32"]
[EventDate "2011.08.28"]
[EventType "k.o."]
[EventRounds "7"]
[EventCountry "RUS"]
[SourceTitle "CBM 145"]
[Source "ChessBase"]
[SourceDate "2011.11.11"]
[SourceVersion "1"]
[SourceVersionDate "2011.11.11"]
[SourceQuality "1"]

1. e4 c5 2. Nf3 d6 3. d4 cxd4 4. Nxd4 Nf6 5. Nc3 a6 6. a4 e5 7. Nf3 Be7 8. Bg5
Be6 9. Bxf6 Bxf6 10. Nd5 Nd7 11. Bc4 Rc8 12. Qe2 Nb6 13. Nxf6+ Qxf6 14. Bxe6
Qxe6 15. b3 O-O 16. Rd1 Rc6 1/2-1/2

[Event "FIDE World Cup"]
[Site "Khanty-Mansiysk"]
[Date "2011.09.18"]
[Round "7.3"]
[White "Grischuk, Alexander"]
[Black "Svidler, Peter"]
[Result "1/2-1/2"]
[WhiteElo "2746"]
[BlackElo "2739"]
[PlyCount "58"]
[EventDate "2011.08.28"]
[EventType "k.o."]
[EventRounds "7"]
[EventCountry "RUS"]
[SourceTitle "CBM 145"]
[Source "ChessBase"]
[SourceDate "2011.11.11"]
[SourceVersion "1"]
[SourceVersionDate "2011.11.11"]
[SourceQuality "1"]

1. e4 e5 2. Nf3 Nc6 3. Bb5 Bc5 4. c3 Nf6 5. d4 exd4 6. e5 Ne4 7. O-O d5 8. exd6
Nxd6 9. Re1+ Be6 10. Bg5 Qc8 11. Bxc6+ bxc6 12. Nxd4 Bxd4 13. Qxd4 O-O 14. Nd2
Qa6 15. b3 Qb6 16. Be3 Qxd4 17. Bxd4 Rfd8 18. Nf3 Bd5 19. Ne5 Nb5 20. Rad1 f6
21. Nd3 Bf7 22. Nc5 Rd5 23. Rc1 Nxd4 24. cxd4 Rxd4 25. h3 Rd2 26. Re7 Rxa2 27.
Rxc7 Re8 28. Nb7 h5 29. Rxf7 Kxf7 1/2-1/2

[Event "EU-chT (Men) 18th"]
[Site "Porto Carras"]
[Date "2011.11.07"]
[Round "5.2"]
[White "Ponomariov, Ruslan"]
[Black "Grischuk, Alexander"]
[Result "1/2-1/2"]
[WhiteElo "2723"]
[BlackElo "2752"]
[Annotator "Marin,M"]
[PlyCount "77"]
[EventDate "2011.11.03"]
[EventType "team-swiss"]
[EventRounds "9"]
[EventCountry "GRE"]
[SourceTitle "CBM 146"]
[Source "ChessBase"]
[SourceDate "2012.01.18"]
[SourceVersion "1"]
[SourceVersionDate "2012.01.18"]
[SourceQuality "1"]
[WhiteTeam "Ukraine"]
[BlackTeam "Russia"]
[WhiteTeamCountry "UKR"]
[BlackTeamCountry "RUS"]

1. d4 Nf6 2. c4 g6 3. Nc3 d5 4. Bg5 Ne4 5. Bh4 Nxc3 6. bxc3 dxc4 7. e3 Be6 8.
Nf3 Bg7 9. Qb1 Qd5 10. Be2 Bf5 11. Qb2 Nd7 12. O-O {This position has been
seen in several games of Grischuk's team mate Peter Svidler. Although the
outcome of the opening was slightly favourable for White on most occasions,
Svidler obtained excellent results: 2.5 out of 3!} Bd3 (12... Nb6 13. a4 a5 14.
Nd2 Bd3 15. Bxd3 cxd3 16. Rfb1 Qc6 {Aronian,L (2741)-Svidler,P (2750)/Moscow
2006/CBM 116/[Krasenkow] (0-1, 24)}) (12... e5 13. Qb4 c5 14. Qxc4 Qxc4 15.
Bxc4 Rc8 16. Bd5 Bd3 17. Rfd1 Ba6 18. Rab1 $14 {Aronian,L (2761)-Svidler,P 
(2742)/Dortmund 2006/CBM 114/[Krasenkow] (0-1, 47)}) 13. Bxd3 cxd3 14. Rad1
$146 (14. Rfd1 Qe4 15. Qb1 c5 16. Rxd3 Rc8 17. a4 $14 {Eljanov,P (2751)
-Svidler,P (2735)/Astrakhan 2010/CBM 137/[Marin,M] (1/2, 44)}) 14... e5 $5 {
Grischuk may have prepared this same pawn break against 14.Rfd1 as well. Black
gets the e7-pawn out of the enemy bishop's reach, threatening to consolidate
his d3-pawn and getting ready to castle. Besides, Rxd3 is prevented in view of
...e4} 15. e4 {A logical atttempt to take over the initiative. Capturing on e5
does not offer much.} (15. dxe5 O-O 16. Qb3 (16. Qb1 Nxe5 17. Nxe5 Bxe5 18.
Rxd3 Qc4 $11) 16... Qc6 {it is not easy to take advantage of the exposed
position of the black queen, for instance} 17. Nd4 $6 Qe4 {[%csl Gh4]}) (15.
Nxe5 Nxe5 16. dxe5 O-O $11 17. f4 Qe4 $132 {[%cal Ge4e3,Gg7e5]} 18. Bf2 $6 c5
$1) (15. c4 $5 {deserves to be investigated, as the main alternative to the
game move.}) 15... Qxe4 16. Rfe1 Qd5 17. Nxe5 Nxe5 18. Qb4 {The only way to
keep fighting for the initiative.} c5 19. Qb5+ Qc6 20. Qxc6+ bxc6 21. dxe5 c4 {
Black's pawns are not as impressive as they look. In fact, they will both
perish within a few moves.} 22. Re4 O-O 23. Rxc4 Bxe5 24. Rxd3 {White is not
in a hurry to take on c6. In the long run, the c6-pawn may become a real
weakness.} (24. Rxc6 Rac8 25. Rxc8 Rxc8 26. Rxd3 Rxc3 $11) 24... Rfe8 25. g4 (
25. Rxc6 Rac8 $11) 25... Re6 26. Kg2 {White's rooks are slightly more active,
but Black finds the best defensive method: simplifying to a rook ending where
White's extra pawn will be impossible to convert. We can conclude that Black's
new idea ...e5 has been justified.} h6 $1 27. Re3 Rae8 28. Ra4 g5 29. Bg3 Bxg3
30. Rxe6 Rxe6 31. hxg3 Re5 {Rook activity is more important than material.} (
31... Re7 32. Ra6 Rc7 33. Kf3 $14 {Black's passivity may cause him troubles.})
32. Rxa7 Re4 33. Kf3 Rc4 34. a4 ({White, does not like having a passive rook
either:} 34. Ra3 Kg7 35. Rb3 c5 $1 {><b4} (35... Kf6 36. Ke3 Rxg4 $6 37. Rb4 $1
$16 {leads to a dangerous pawn ending.}) 36. Ra3 (36. a3 Kf6 $22 {drops a pawn
already.}) 36... Kf6 $11 {Despite his extra pawn, White is doomed to passivity.
}) 34... Kg7 35. Re7 Rxa4 ({Avoiding the trap} 35... Rxc3+ $2 36. Re3 {
followed by Ra3, with a probably winning endgame.}) 36. Re4 Ra6 37. Ke3 Kf6 38.
Kd4 Ra2 39. Ke3 1/2-1/2

[Event "RUS GP rap final"]
[Site "Apatity"]
[Date "2011.12.02"]
[Round "1.1"]
[White "Grischuk, Alexander"]
[Black "Evdokimov, Alexander A"]
[Result "1-0"]
[WhiteElo "2752"]
[BlackElo "2569"]
[PlyCount "103"]
[EventDate "2011.12.02"]
[EventType "k.o. (rapid)"]
[EventRounds "4"]
[EventCountry "RUS"]
[SourceTitle "CBM 145 Extra"]
[Source "ChessBase"]
[SourceDate "2012.01.03"]
[SourceVersion "1"]
[SourceVersionDate "2012.01.03"]
[SourceQuality "1"]

1. e4 c6 2. d4 d5 3. e5 Bf5 4. Nf3 e6 5. Be2 c5 6. Be3 cxd4 7. Nxd4 Ne7 8. Nd2
Nbc6 9. N2f3 Bg4 10. O-O Bxf3 11. Nxf3 Qc7 12. c4 dxc4 13. Bxc4 Nf5 14. Bf4 Rd8
15. Bd3 Be7 16. Qc2 Nfd4 17. Nxd4 Rxd4 18. Be3 Rd7 19. Be4 Nxe5 20. Qxc7 Rxc7
21. Rac1 Nc6 22. Bxa7 O-O 23. Bb6 Rd7 24. Rfd1 Rxd1+ 25. Rxd1 Ra8 26. Rd7 Rxa2
27. g3 Kf8 28. Rxb7 Nd8 29. Rd7 Ke8 30. Rd2 f5 31. Bd3 Nf7 32. Re2 Ng5 33. Bc4
Ra1+ 34. Kg2 Kf7 35. f3 Rc1 36. b3 Kf8 37. h4 Nf7 38. Bxe6 f4 39. gxf4 Bxh4 40.
Bc4 Be7 41. Ra2 g6 42. Ra8+ Kg7 43. Bd4+ Bf6 44. Bxf6+ Kxf6 45. Ra6+ Kg7 46.
Ra7 Rc2+ 47. Kg3 Rxc4 48. bxc4 Kf6 49. c5 h5 50. c6 Nd6 51. c7 Ke6 52. Ra6 1-0

[Event "RUS GP rap final"]
[Site "Apatity"]
[Date "2011.12.02"]
[Round "2.1"]
[White "Rublevsky, Sergei"]
[Black "Grischuk, Alexander"]
[Result "0-1"]
[WhiteElo "2686"]
[BlackElo "2752"]
[PlyCount "76"]
[EventDate "2011.12.02"]
[EventType "k.o. (rapid)"]
[EventRounds "4"]
[EventCountry "RUS"]
[SourceTitle "CBM 145 Extra"]
[Source "ChessBase"]
[SourceDate "2012.01.03"]
[SourceVersion "1"]
[SourceVersionDate "2012.01.03"]
[SourceQuality "1"]

1. e4 c6 2. d4 d5 3. e5 Bf5 4. Nf3 e6 5. Be2 Ne7 6. Nbd2 c5 7. dxc5 Nec6 8. Nb3
Bg4 9. O-O Nd7 10. Nfd4 Bxe2 11. Qxe2 Nxd4 12. Nxd4 Bxc5 13. Nb3 Be7 14. Re1
Rc8 15. c3 O-O 16. Qg4 Kh8 17. Bf4 Qb6 18. Be3 Qa6 19. Bd4 Nc5 20. h4 Qa4 21.
Nxc5 Bxc5 22. Re3 Bxd4 23. cxd4 Qc2 24. Rg3 Qg6 25. Qf4 Qh5 26. Re1 h6 27. Rg4
Rc2 28. Qg3 Rg8 29. b3 Rxa2 30. Rc1 a5 31. Rc7 b5 32. Rf4 Ra1+ 33. Kh2 Qd1 34.
Qe3 Qh1+ 35. Kg3 Rg1 36. Qf3 f5 37. h5 g5 38. Rxf5 Qh4# 0-1

[Event "RUS GP rap final"]
[Site "Apatity"]
[Date "2011.12.02"]
[Round "2.2"]
[White "Grischuk, Alexander"]
[Black "Rublevsky, Sergei"]
[Result "1/2-1/2"]
[WhiteElo "2752"]
[BlackElo "2686"]
[PlyCount "61"]
[EventDate "2011.12.02"]
[EventType "k.o. (rapid)"]
[EventRounds "4"]
[EventCountry "RUS"]
[SourceTitle "CBM 145 Extra"]
[Source "ChessBase"]
[SourceDate "2012.01.03"]
[SourceVersion "1"]
[SourceVersionDate "2012.01.03"]
[SourceQuality "1"]

1. d4 d5 2. Nf3 Nf6 3. c4 c6 4. Nc3 dxc4 5. a4 Bf5 6. Ne5 Nbd7 7. Nxc4 Qc7 8.
g3 e5 9. dxe5 Nxe5 10. Bf4 Nfd7 11. Bg2 f6 12. O-O Nc5 13. Ne3 Bg6 14. b4 Ne6
15. b5 Rd8 16. Qb3 Nxf4 17. gxf4 Bf7 18. Qc2 Nd7 19. bxc6 bxc6 20. Qe4+ Be7 21.
Nf5 Nc5 22. Qxc6+ Qxc6 23. Bxc6+ Kf8 24. Rad1 Rc8 25. Bd5 Bg6 26. Nxe7 Kxe7 27.
Nb5 Bc2 28. Nxa7 Bxd1 29. Nxc8+ Rxc8 30. Rxd1 Nxa4 31. Bf3 1/2-1/2

[Event "RUS GP rap final"]
[Site "Apatity"]
[Date "2011.12.03"]
[Round "3.2"]
[White "Nepomniachtchi, Ian"]
[Black "Grischuk, Alexander"]
[Result "0-1"]
[WhiteElo "2730"]
[BlackElo "2752"]
[PlyCount "92"]
[EventDate "2011.12.02"]
[EventType "k.o. (rapid)"]
[EventRounds "4"]
[EventCountry "RUS"]
[SourceTitle "CBM 145 Extra"]
[Source "ChessBase"]
[SourceDate "2012.01.03"]
[SourceVersion "1"]
[SourceVersionDate "2012.01.03"]
[SourceQuality "1"]

1. e4 c6 2. d4 d5 3. e5 Bf5 4. h4 h6 5. g4 Bd7 6. c4 e6 7. Nc3 c5 8. cxd5 exd5
9. dxc5 Bxc5 10. Bg2 Ne7 11. Nh3 Nbc6 12. Bf4 Be6 13. Bg3 Qd7 14. f3 h5 15. Ng5
hxg4 16. fxg4 Bxg4 17. Qd2 f6 18. Nf3 Nxe5 19. Bxe5 fxe5 20. O-O-O Bxf3 21.
Bxf3 O-O-O 22. Qg5 Qd6 23. Ne4 Qc7 24. Nxc5 Qxc5+ 25. Kb1 Qd6 26. h5 Qf6 27.
Qe3 Kb8 28. Rhf1 Qf5+ 29. Ka1 e4 30. Be2 Qe5 31. Rf7 d4 32. Qa3 d3 33. Bg4 Rhe8
34. Qb3 Rf8 35. Rdf1 Rxf7 36. Rxf7 Qg5 37. a3 Qxg4 38. Rxe7 Qg1+ 39. Ka2 Qb6
40. Qd1 e3 41. Rxg7 e2 42. Qe1 Qe6+ 43. b3 d2 44. Qg3+ Qd6 45. Qf3 Qd5 46. Qf4+
Ka8 0-1

[Event "Beijing Sportaccord rap"]
[Site "Beijing"]
[Date "2011.12.09"]
[Round "1"]
[White "Grischuk, Alexander"]
[Black "Vachier Lagrave, Maxime"]
[Result "1/2-1/2"]
[WhiteElo "2752"]
[BlackElo "2710"]
[PlyCount "42"]
[EventDate "2011.12.09"]
[EventType "swiss (rapid)"]
[EventRounds "7"]
[EventCountry "CHN"]
[SourceTitle "CBM 145 Extra"]
[Source "ChessBase"]
[SourceDate "2012.01.03"]
[SourceVersion "1"]
[SourceVersionDate "2012.01.03"]
[SourceQuality "1"]

1. Nf3 Nf6 2. c4 g6 3. Nc3 d5 4. cxd5 Nxd5 5. g3 Bg7 6. Bg2 O-O 7. O-O Nc6 8.
d4 Bf5 9. Nd2 Ndb4 10. d5 Ne5 11. a3 Bc2 12. Qe1 Na6 13. Nde4 c6 14. Bf4 Bb3
15. dxc6 Nxc6 16. Rc1 Rc8 17. Qd2 f5 18. Qxd8 Rfxd8 19. Nd2 Bf7 20. Rfd1 Nc5
21. Kf1 Nd4 1/2-1/2

[Event "Beijing Sportaccord rap"]
[Site "Beijing"]
[Date "2011.12.10"]
[Round "5"]
[White "Karjakin, Sergey"]
[Black "Grischuk, Alexander"]
[Result "1/2-1/2"]
[WhiteElo "2763"]
[BlackElo "2752"]
[PlyCount "110"]
[EventDate "2011.12.09"]
[EventType "swiss (rapid)"]
[EventRounds "7"]
[EventCountry "CHN"]
[SourceTitle "CBM 145 Extra"]
[Source "ChessBase"]
[SourceDate "2012.01.03"]
[SourceVersion "1"]
[SourceVersionDate "2012.01.03"]
[SourceQuality "1"]

1. e4 c6 2. d4 d5 3. e5 Bf5 4. Nf3 e6 5. Be2 Ne7 6. O-O c5 7. c4 Nbc6 8. dxc5
d4 9. Qb3 Ng6 10. Qxb7 Rc8 11. Bd1 Rc7 12. Qa6 Qc8 13. Qa4 Bxc5 14. b4 Bxb4 15.
Nxd4 O-O 16. Nxf5 exf5 17. Bf3 Bc5 18. Bxc6 Rxc6 19. Ba3 Nxe5 20. Bxc5 Rxc5 21.
Nd2 Qc7 22. Rac1 g6 23. Rc3 Rd8 24. Qc2 Qd6 25. Nb3 Ng4 26. g3 Rc7 27. c5 Qd5
28. Qe2 Nf6 29. Rcc1 Re8 30. Qd1 Qc6 31. Nd4 Qa6 32. Qb3 Ne4 33. c6 Nd2 34. Qb5
Qxa2 35. Rfe1 Rd8 36. Qe5 Rcc8 37. c7 Rxd4 38. Qe8+ Kg7 39. Qxc8 Nf3+ 40. Kf1
Nxh2+ 41. Kg2 Ng4 42. Rf1 Rd2 43. Qf8+ Kxf8 44. c8=Q+ Kg7 45. Qc3+ Kh6 46. Qc5
Kg7 47. Ra1 Qb3 48. Kg1 Qe6 49. Qc3+ Ne5 50. Rfe1 Rd5 51. f4 Qb6+ 52. Kh1 Qb7
53. Kg1 Qb6+ 54. Kh1 Qb7 55. Kg1 Qb6+ 1/2-1/2

[Event "Beijing Sportaccord rap"]
[Site "Beijing"]
[Date "2011.12.11"]
[Round "6"]
[White "Gashimov, Vugar"]
[Black "Grischuk, Alexander"]
[Result "1/2-1/2"]
[WhiteElo "2757"]
[BlackElo "2752"]
[PlyCount "86"]
[EventDate "2011.12.09"]
[EventType "swiss (rapid)"]
[EventRounds "7"]
[EventCountry "CHN"]
[SourceTitle "CBM 145 Extra"]
[Source "ChessBase"]
[SourceDate "2012.01.03"]
[SourceVersion "1"]
[SourceVersionDate "2012.01.03"]
[SourceQuality "1"]

1. e4 c6 2. d4 d5 3. e5 Bf5 4. Nf3 e6 5. Be2 Ne7 6. O-O c5 7. Na3 Nec6 8. c4
cxd4 9. Nb5 a6 10. Bg5 Qd7 11. Nbxd4 Be4 12. Rc1 h6 13. Be3 Be7 14. cxd5 Bxd5
15. Qd2 Bb4 16. Qd3 O-O 17. a3 Be7 18. Bd1 Rd8 19. Bc2 g6 20. Qe2 Kg7 21. Rfd1
Nxd4 22. Bxd4 Qb5 23. Bd3 Qe8 24. Bc3 Nc6 25. Qe3 Rd7 26. Nd2 Rad8 27. Ne4 Bxe4
28. Qxe4 Bc5 29. h4 h5 30. Qf3 Bd4 31. Bxd4 Rxd4 32. Qf6+ Kg8 33. Be2 R8d5 34.
f4 Qd8 35. Qxd8+ Rxd8 36. Bf3 Kf8 37. g3 Rxd1+ 38. Rxd1 Rxd1+ 39. Bxd1 Nd4 40.
Kf2 Ke7 41. Ke3 Nf5+ 42. Kf2 Nd4 43. Ke3 Nf5+ 1/2-1/2

[Event "Beijing Sportaccord rap"]
[Site "Beijing"]
[Date "2011.12.11"]
[Round "7"]
[White "Grischuk, Alexander"]
[Black "Dominguez Perez, Leinier"]
[Result "1/2-1/2"]
[WhiteElo "2752"]
[BlackElo "2712"]
[PlyCount "68"]
[EventDate "2011.12.09"]
[EventType "swiss (rapid)"]
[EventRounds "7"]
[EventCountry "CHN"]
[SourceTitle "CBM 145 Extra"]
[Source "ChessBase"]
[SourceDate "2012.01.03"]
[SourceVersion "1"]
[SourceVersionDate "2012.01.03"]
[SourceQuality "1"]

1. Nf3 c5 2. c4 Nc6 3. Nc3 e5 4. e3 Nf6 5. d4 cxd4 6. exd4 e4 7. Ne5 Bb4 8. Be2
Qa5 9. Nxc6 dxc6 10. Bd2 O-O 11. O-O Re8 12. a3 Bxc3 13. Bxc3 Qg5 14. Qc1 e3
15. fxe3 Bg4 16. Bf3 Qxe3+ 17. Qxe3 Rxe3 18. Bxg4 Nxg4 19. h3 Nf6 20. Rae1 Rae8
21. Kf2 Rxe1 22. Rxe1 Rxe1 23. Bxe1 Kf8 24. Ke3 Ke7 25. Bh4 Ke6 26. Bxf6 Kxf6
27. Kf4 Ke6 28. g4 f6 29. h4 g6 30. a4 a5 31. Ke4 Kd6 32. Kf4 Ke6 33. Ke4 Kd6
34. Kf4 Ke6 1/2-1/2

[Event "Beijing Sportaccord blitz"]
[Site "Beijing"]
[Date "2011.12.13"]
[Round "10"]
[White "Giri, Anish"]
[Black "Grischuk, Alexander"]
[Result "1/2-1/2"]
[WhiteElo "2714"]
[BlackElo "2752"]
[PlyCount "70"]
[EventDate "2011.12.12"]
[EventType "swiss (blitz)"]
[EventRounds "15"]
[EventCountry "CHN"]
[SourceTitle "CBM 145 Extra"]
[Source "ChessBase"]
[SourceDate "2012.01.03"]
[SourceVersion "1"]
[SourceVersionDate "2012.01.03"]
[SourceQuality "1"]

1. d4 Nf6 2. Nf3 g6 3. g3 c5 4. c3 b6 5. Bg2 Bb7 6. O-O Bg7 7. Bf4 O-O 8. a4 d6
9. Na3 Nbd7 10. a5 Rc8 11. axb6 axb6 12. Nb5 Bd5 13. Re1 h6 14. b3 Be4 15. Bf1
g5 16. Bd2 Ra8 17. c4 Rxa1 18. Qxa1 Qa8 19. Bc3 Qxa1 20. Rxa1 Ra8 21. Rxa8+
Bxa8 22. d5 Ne4 23. Bxg7 Kxg7 24. e3 g4 25. Bd3 Nxg3 26. Nh4 Ne5 27. Bc2 Nh5
28. Nf5+ Kf8 29. Nxh6 Bb7 30. Kg2 Bc8 31. Bf5 Nd3 32. Na7 Nc1 33. Nxc8 Nxb3 34.
Nxb6 Nd2 35. Nc8 Nxc4 1/2-1/2

[Event "Beijing Sportaccord blitz"]
[Site "Beijing"]
[Date "2011.12.13"]
[Round "12"]
[White "Grischuk, Alexander"]
[Black "Wang, Hao"]
[Result "1-0"]
[WhiteElo "2752"]
[BlackElo "2736"]
[PlyCount "57"]
[EventDate "2011.12.12"]
[EventType "swiss (blitz)"]
[EventRounds "15"]
[EventCountry "CHN"]
[SourceTitle "CBM 145 Extra"]
[Source "ChessBase"]
[SourceDate "2012.01.03"]
[SourceVersion "1"]
[SourceVersionDate "2012.01.03"]
[SourceQuality "1"]

1. g3 d5 2. Nf3 Bg4 3. Bg2 Nd7 4. c4 e6 5. cxd5 exd5 6. Qb3 Nc5 7. Qc2 Nf6 8.
O-O Bd6 9. d3 O-O 10. h3 Bxf3 11. Bxf3 Ne6 12. e3 Qd7 13. Bg2 Rac8 14. Nd2 c5
15. b3 Qc7 16. Nf3 b5 17. Bb2 Nd7 18. Nh4 Nb6 19. Nf5 Rfd8 20. Qe2 Bf8 21. a4
g6 22. Nh4 bxa4 23. bxa4 c4 24. Rfc1 cxd3 25. Qxd3 Nc4 26. Bf6 Rd7 27. Bxd5 Qa5
28. e4 Nb6 29. Rxc8 1-0

[Event "Beijing Sportaccord blitz"]
[Site "Beijing"]
[Date "2011.12.13"]
[Round "13"]
[White "Ponomariov, Ruslan"]
[Black "Grischuk, Alexander"]
[Result "0-1"]
[WhiteElo "2723"]
[BlackElo "2752"]
[PlyCount "71"]
[EventDate "2011.12.12"]
[EventType "swiss (blitz)"]
[EventRounds "15"]
[EventCountry "CHN"]
[SourceTitle "CBM 145 Extra"]
[Source "ChessBase"]
[SourceDate "2012.01.03"]
[SourceVersion "1"]
[SourceVersionDate "2012.01.03"]
[SourceQuality "1"]

1. d4 Nf6 2. c4 g6 3. Nc3 Bg7 4. e4 d6 5. Be2 O-O 6. Bg5 Na6 7. Nf3 h6 8. Be3
e5 9. O-O Ng4 10. Bc1 c6 11. dxe5 dxe5 12. h3 Nf6 13. Qxd8 Rxd8 14. Be3 Nh5 15.
Rfd1 Re8 16. a3 Nf4 17. Bf1 g5 18. Kh2 Nc7 19. g3 Nfe6 20. b4 Bf6 21. Kg2 h5
22. Be2 Kg7 23. c5 a6 24. Na4 Rb8 25. Nb6 Nb5 26. Nd2 Nc3 27. Re1 Nxe2 28. Rxe2
Nf4+ 29. gxf4 exf4 30. Bxf4 gxf4 31. Rd1 Be6 32. Nf3 Kh6 33. e5 Be7 34. Rd4
Rg8+ 35. Kh2 Rbd8 36. Red2 0-1